| 000 | 00531nam a2200145 4500 | ||
|---|---|---|---|
| 008 | 151214b xxu||||| |||| 00| 0 eng d | ||
| 020 | _a9780030993725 | ||
| 082 |
_2[2008] _aDK12 420.7 _bEl38 |
||
| 245 |
_aElements of language : _cfifth course : teaching strategies for English-language learners. |
||
| 260 |
_aOrlando: _bHolt, Rinehart and Winston, _c©2008]. |
||
| 300 |
_axi, 60 pages: _billustrations; _c26 cm. |
||
| 440 |
_92870 _aHolt Elements of Language |
||
| 650 | 0 |
_92856 _aEnglish language _xStudy and teaching |
|
| 942 |
_2ddc _cDC |
||
| 999 |
_c935 _d935 |
||